000 00246nam a2200097 a 4500
005 20200930070454.0
008 110907s1896 000 spa d
245 0 _aMémoire de la République D' Haiti.
260 _aParís,
_c1896.
999 _c33216
_d33216
040 _aDO-SdBNP